000 00631nam a22001817a 4500
005 20251108163346.0
008 250721s1986 xx 000 0 ara d
082 1 4 _a214.2/غزا
100 1 _aالغزالي، أبو حامد
245 1 0 _aكتاب الموت :
_bسكرات الموت وشدته ومياه القبور حتى النفخ في الصور /
264 1 _aالقاهرة :
_bمكتبة القران،
_c1986.
300 _a221ص
650 1 7 _aأصول الدين الإسلامي
650 1 7 _aاليوم الآخر
700 1 _aعاشور، عبد اللطيف
_eتحقيق
942 _2ddc
_cBK
999 _c690
_d690